000 00250nam a22001217a 4500
008 180111b xxu||||| |||| 00| 0 eng d
041 _aeng
080 _a37
100 _a46
101 _aEDU
245 _aACCESSIBLES
_cKEOWN,M.G
942 _2udc
_cBK
999 _c40112
_d40112